Responses for Show #7692 - Tuesday, February 6, 2018

Contestants

[<< previous game]

Quin Lewellen, a graphic designer from Albuquerque, New Mexico

Nabila Yusaf, a software engineer from New York, New York

Sean Udicious, an expeditor from Cherry Hill, New Jersey (whose 1-day cash winnings total $20,000)

[next game >>]

Jeopardy! Round responses

(Alex: Would all three of you like to be my friends? I hope so, because we're gonna be...)
CELEBRATING MISTER ROGERS
MEDICINE
SHOOTING "BB"s
MEMORIALS
PEWTER
GRAPHICS
    $200 4
the Smithsonian

Quin
    $200 14
remission

Quin
    $200 1
stubborn

Sean
    $200 9
the Unknown Soldier

Triple Stumper
    $200 12
tin

Nabila
    $200 18
a palette

Sean
    $400 5
Richard Nixon

Sean
    $400 15
a stethoscope

Sean
    $400 2
Sabbath

Quin
    $400 10
93

Sean
    $400 13
tea caddies

Triple Stumper
    $400 19
(Nabila: What are fonts?)

letters

NabilaQuin
    $600 6
sign language

Quin
    $600 23
a bruise

Nabila
    $600 3
kibble

Nabila
    $600 11
martial law

Nabila
    $600 28
[The end-of-round signal sounds.]

Antiques Roadshow

Sean
    $1,000 20
(Quin: What... what is...)

resolution

Quin
    $800 7
Daniel Tiger

Nabila
    $800 24
(Alex: With less than a minute to go.)

stat

Nabila
    $800 16
cribbage

Sean
    $800 26
witchcraft

Sean
    $800 21
airbrushing

Quin
    $1000 8
Michael Keaton

Sean
    $1000 25
(Quin: What is yellow fever?)
(Nabila: What is jaundice?)

scarlet fever

NabilaQuin
Triple Stumper
    $1000 17
a scabbard

Quin
    $1000 27
Thomas Edison

Sean
    $1000 22
negative space

Sean

Scores at the first commercial break (after clue 15):

Sean Nabila Quin
$2,400 $2,200 $1,400

Scores at the end of the Jeopardy! Round:

Sean Nabila Quin
$6,800 $2,200 $1,600

Double Jeopardy! Round responses

PIRATES!
PORT-MAP-TEAU
WOMEN IN GOVERNMENT
MORE THAN ONE LIFE TO LIVE
BRIT SPEAK
ENTERTAINE"D"
    $400 1
his beard

Sean
    $400 15
(Quin: What is West Virginia?)
...
(Alex: Dallas, Fort Worth and Arlington.)

Texas

NabilaQuin
    $400 18
Sandra Day O'Connor

Nabila
    $400 25
dark matter

Nabila
    $400 5
an umbrella

Quin
    $400 10
Dunkirk

Quin
    $800 2
Taiwan

Quin
    $800 16
(Alex: We had a contestant on our program just a few weeks ago from [*].)

SeaTac

Triple Stumper
    $800 19
Alaska

Quin
    $800 28
[The end-of-round signal sounds.]

Altered Carbon

Triple Stumper
    $800 6
zed

Nabila
    $3,000 11
Donkey Kong

Quin
    $1200 3
the British East India Company

Nabila
    $1200 17
Notre Dame

Sean
    $1200 20
McMahon

Sean
    $1200 7
a bonnet

Quin
    $1200 12
Dreamgirls

Sean
    $2,400 4
(Alex: The end of the War of 1812.)

(Jean) Lafitte

Nabila
    $1600 22
Calexico

Quin
    $1600 21
(Madeleine) Albright

Nabila
    $1600 27
Cloud Atlas

Sean
    $1600 8
sausages

Quin
    $1600 13
the Arizona Diamondbacks

Triple Stumper
    $2000 24
(Alex: And we have less than a minute to go now.)

Alexander Selkirk

Triple Stumper
    $2000 23
(Alex: In the Delmarva peninsula.)

Delmar

Triple Stumper
    $2000 26
Riverworld

Triple Stumper
    $2000 9
Rube Goldberg

Sean
    $2000 14
"Despacito"

Sean

Scores at the end of the Double Jeopardy! Round:

Sean Nabila Quin
$16,400 $9,400 $11,000

[wagering suggestions for these scores]

Final Jeopardy! Round responses

PHILOSOPHY
NabilaWhat is Republic?
$7,001
QuinWhat is ?
$5,401
SeanWhat is the cave
$5,601
the Apologia or Apology

Final scores:

Sean Nabila Quin
$10,799 $2,399 $5,599
2-day champion: $30,799 3rd place: $1,000 2nd place: $2,000

Game dynamics:

Coryat scores:

Sean Nabila Quin
$16,400 $8,600 $9,800
18 R,
0 W
13 R
(including 1 DD),
2 W
15 R
(including 1 DD),
3 W
(including 1 DD)

Combined Coryat: $34,800

[game clues] [game scores] [suggest correction]

Game tape date: 2017-11-08
The J! Archive is created by fans, for fans. Scraping, republication, monetization, and malicious use prohibited; this site may use cookies and collect identifying information. See terms. The Jeopardy! game show and all elements thereof, including but not limited to copyright and trademark thereto, are the property of Jeopardy Productions, Inc. and are protected under law. This website is not affiliated with, sponsored by, or operated by Jeopardy Productions, Inc. Join the discussion at JBoard.tv.